| 000 | 00628cam a22001817a 4500 | ||
|---|---|---|---|
| 020 | _a9054102624 | ||
| 082 | 0 | 0 |
_a624.18341 _bRAB _cL-38, P-18 |
| 100 | 1 |
_aRabinovich, F. N. _943233 |
|
| 245 | 1 | 0 |
_aConcretes with dispersed reinforcement / _cF.N. Rabinovich. |
| 260 |
_aRotterdam ; _aBrookfield : _bA.A. Balkema, _c1995. |
||
| 300 |
_avii, 214 p. : _bill. ; _c25 cm. |
||
| 526 |
_a0 _b0 _c0 _d624_183410000000000_RAB |
||
| 526 |
_a0 _b0 _c0 _d624_183410000000000_RAB |
||
| 650 | 0 |
_aFiber-reinforced concrete. _942697 |
|
| 650 | 0 |
_aMCE _9379 |
|
| 856 | 4 | 2 | _uhttp://www.loc.gov/catdir/enhancements/fy0916/99227204-d.html |
| 942 |
_2ddc _cBK |
||
| 999 |
_c547031 _d547031 |
||